000 00468nam a22001577a 4500
005 20180205120817.0
008 160427b xxu||||| |||| 00| 0 eng d
020 _a81-8209-070-9
041 _aeng
082 _b00262
_a005.12
100 _aLeon, Alexis and Mathews Leon
_94041
245 _aPC Software Made Easy:
_bfundamentals of computers ms-word , ms-exel and ms-power point
260 _aChennai
_bVijay Nicole Imprnt. Pvt. Ltd.
_c2005
300 _a550
942 _cBK
999 _c88
_d88